| 000 | 01198nam a22003497a 4500 | ||
|---|---|---|---|
| 003 | OSt | ||
| 005 | 20140310181634.0 | ||
| 008 | 041018s2005 nyu 000 0 eng | ||
| 010 | _a 2004115324 | ||
| 020 | _a1853260010 | ||
| 040 |
_aDLC _cDLC _dDLC |
||
| 042 | _apcc | ||
| 050 |
_aPR 4172 _b.B869 2000 |
||
| 082 |
_aCLA B78w _b2000 |
||
| 100 | 1 |
_aBronte, Emily. _93131 |
|
| 245 | 1 | 0 |
_aWuthering heights / _cEmily Bronte |
| 260 |
_aHertfordshire, England : _bWordsworth Classics, _cc2000 |
||
| 300 |
_a248 p. _c20 cm. |
||
| 440 | 0 |
_aBarnes & Noble classics _92903 |
|
| 541 | _g1 | ||
| 541 | _g2 | ||
| 541 | _g3 | ||
| 562 | _e3 | ||
| 650 |
_aInternational Baccalaureate _9127 |
||
| 650 |
_aBrontB Emily, 1818-1848. Wuthering Heights _93132 |
||
| 856 | 4 | 2 |
_3Contributor biographical information _uhttp://www.loc.gov/catdir/enhancements/fy0709/2004115324-b.html |
| 856 | 4 | 2 |
_3Publisher description _uhttp://www.loc.gov/catdir/enhancements/fy0709/2004115324-d.html |
| 856 | 4 | 1 |
_3Sample text _uhttp://www.loc.gov/catdir/enhancements/fy0709/2004115324-s.html |
| 906 |
_a0 _bibc _corignew _d2 _eepcn _f20 _gy-gencatlg |
||
| 942 |
_2lcc _cBBK _kCLA |
||
| 999 |
_c620 _d620 |
||